Hispánia görbe filmtükre Luis García Berlanga /

Elmentve itt :
Bibliográfiai részletek
Szerző: Lénárt András
Dokumentumtípus: Cikk
Megjelent: 2021
Sorozat:FILMVILÁG 64 No. 10
Tárgyszavak:
mtmt:32210977
Online Access:http://publicatio.bibl.u-szeged.hu/22588
LEADER 00737nab a2200205 i 4500
001 publ22588
005 20211007090210.0
008 211007s2021 hu o 0|| zxx d
022 |a 0428-3872 
024 7 |a 32210977  |2 mtmt 
040 |a SZTE Publicatio Repozitórium  |b hun 
041 |a zxx 
100 1 |a Lénárt András 
245 1 0 |a Hispánia görbe filmtükre  |h [elektronikus dokumentum] :  |b Luis García Berlanga /  |c  Lénárt András 
260 |c 2021 
300 |a 28-31 
490 0 |a FILMVILÁG  |v 64 No. 10 
650 4 |a Történettudomány és régészet 
650 4 |a Művészetek (művészetek, művészettörténet, előadóművészetek, zene) 
856 4 0 |u http://publicatio.bibl.u-szeged.hu/22588/1/BerlangaFilmvilag.pdf  |z Dokumentum-elérés